[Event "Int. Stuttgarter Stadtmeisterschaft B"]
[Site "Ditzingen"]
[Date "2012.05.19"]
[Round "5.51"]
[White "Schneider, Stephan"]
[Black "Malheur, Lothar"]
[Result "1-0"]
[WhiteElo "1751"]
[BlackElo "1376"]
[PlyCount "93"]
[EventDate "2012.??.??"]

1. d4 Nf6 2. c4 g6 3. Bf4 Bg7 4. Nc3 d6 5. e3 O-O 6. Be2 Bf5 7. Nf3 c6 8. O-O
Qb6 9. Qd2 Rd8 10. Rfd1 Na6 11. Na4 Qb4 12. Qxb4 Nxb4 13. a3 Na6 14. Nc3 Bc2
15. Rd2 Bb3 16. h3 c5 17. a4 d5 18. cxd5 Bxd5 19. Nxd5 Nxd5 20. Be5 f6 21. Bg3
cxd4 22. Nxd4 Nab4 23. Ne6 Rdc8 24. Bf3 Rc6 25. Nxg7 Kxg7 26. Bxd5 Nxd5 27.
Rxd5 e5 28. Rd7+ Kh6 29. Rxb7 Rd8 30. Rxa7 g5 31. Re7 Rd2 32. b4 Kg6 33. b5
Rcc2 34. h4 f5 35. Rf1 f4 36. exf4 exf4 37. Bxf4 gxf4 38. b6 Rd3 39. Ra7 Rb2
40. a5 f3 41. g3 Rdb3 42. Ra1 Rb1+ 43. Rxb1 Rxb1+ 44. Kh2 Rf1 45. g4 Rxf2+ 46.
Kg3 Rf1 47. b7 1-0

[Event "Int. Stuttgarter Stadtmeisterschaft B"]
[Site "Ditzingen"]
[Date "2012.05.19"]
[Round "5.52"]
[White "Weisensel, Wolfgang"]
[Black "Kappus, Holger"]
[Result "0-1"]
[WhiteElo "1685"]
[BlackElo "1513"]
[PlyCount "206"]
[EventDate "2012.??.??"]

1. d4 Nf6 2. Nf3 b6 3. c4 Bb7 4. Nc3 e6 5. a3 Ne4 6. Nxe4 Bxe4 7. e3 g6 8. Bd3
Be7 9. Ne5 Bxd3 10. Qxd3 O-O 11. O-O f5 12. f4 d6 13. Nf3 Nd7 14. b3 Bf6 15.
Rb1 c6 16. Bb2 d5 17. cxd5 cxd5 18. Rbc1 Nc5 19. Qb1 Ne4 20. Qc2 Rc8 21. Qxc8
Qxc8 22. Rxc8 Rxc8 23. Rc1 Rxc1+ 24. Bxc1 h6 25. Bb2 g5 26. fxg5 hxg5 27. b4
Kf8 28. Kf1 g4 29. Ne1 Ke7 30. Ke2 Kd7 31. Kd3 Be7 32. Bc1 Kc6 33. Kc2 Kb5 34.
Kb3 Bd6 35. a4+ Kc6 36. b5+ Kb7 37. g3 Ng5 38. Bd2 Ne4 39. Kc2 Bc7 40. Kd3 Nd6
41. Bc1 Nc4 42. Ke2 Bd6 43. Nc2 Be7 44. Kf2 a6 45. Ke2 axb5 46. axb5 Bg5 47.
Ba3 Kc7 48. Bb4 Kd7 49. Bf8 Be7 50. Bxe7 Kxe7 51. Kf2 Nd6 52. Na3 Ne4+ 53. Ke2
Kd6 54. Ke1 Ng5 55. Kf1 Nf3 56. Kg2 Nd2 57. Kf2 Nb3 58. Nc2 e5 59. Ke2 Na5 60.
Kd2 Ke6 61. Ke2 Nc4 62. Kd3 Nd6 63. Na3 Ne4 64. Ke2 Ng5 65. Kf2 exd4 66. exd4
Nf3 67. Ke3 Nxh2 68. Kf2 Nf3 69. Ke3 Ng5 70. Kf2 Ne4+ 71. Kg2 Kf6 72. Nc2 Nc3
73. Na3 Kg5 74. Kf2 f4 75. gxf4+ Kxf4 76. Kg2 Ke4 77. Kg3 Kxd4 78. Kxg4 Kd3 79.
Kf3 Kd2 80. Kf2 Kc1 81. Ke3 Kb2 82. Kd3 Kb3 83. Nc2 Nxb5 84. Nd4+ Nxd4 85. Kxd4
b5 86. Kxd5 Kc3 87. Ke4 b4 88. Ke3 Kc2 89. Kd4 b3 90. Kc4 b2 91. Kc5 b1=Q 92.
Kd4 Qb4+ 93. Kd5 Kd3 94. Ke5 Qd4+ 95. Ke6 Qc5 96. Kf6 Qd5 97. Ke7 Qc6 98. Kf7
Ke4 99. Ke7 Kf5 100. Kd8 Qb7 101. Ke8 Qc7 102. Kf8 Kf6 103. Kg8 Qg7# 0-1

[Event "Int. Stuttgarter Stadtmeisterschaft B"]
[Site "Ditzingen"]
[Date "2012.05.19"]
[Round "5.53"]
[White "Grüneschild, Hildegard"]
[Black "Baric, Andrej"]
[Result "1-0"]
[WhiteElo "1613"]
[BlackElo "1674"]
[PlyCount "61"]
[EventDate "2012.??.??"]

1. c4 e5 2. Nc3 Nf6 3. g3 Bb4 4. Bg2 O-O 5. Qb3 Bxc3 6. Qxc3 d6 7. d3 Nbd7 8.
Nf3 Rb8 9. O-O Re8 10. e4 b6 11. b4 Bb7 12. Bb2 c6 13. a4 d5 14. cxd5 cxd5 15.
Nh4 dxe4 16. d4 Rc8 17. Qb3 Bd5 18. Qd1 exd4 19. Bxd4 Rc4 20. Qd2 Qe7 21. Rab1
Ne5 22. Nf5 Qe6 23. Ne3 Nf3+ 24. Bxf3 exf3 25. Bxf6 Qh3 26. Qxd5 gxf6 27. Qxf3
Rh4 28. Qg2 Qxg2+ 29. Kxg2 Rd4 30. Nf5 Rc4 31. Nd6 1-0

[Event "Int. Stuttgarter Stadtmeisterschaft B"]
[Site "Ditzingen"]
[Date "2012.05.19"]
[Round "5.54"]
[White "Blum, Michael"]
[Black "Wurm, Frank"]
[Result "1-0"]
[WhiteElo "1576"]
[BlackElo "1603"]
[PlyCount "109"]
[EventDate "2012.??.??"]

1. e4 e5 2. Nf3 Nf6 3. Nc3 Bb4 4. Nd5 Nxd5 5. exd5 d6 6. a3 Ba5 7. c3 c6 8. b4
Bc7 9. Bc4 f6 10. h3 b5 11. Bb3 a5 12. dxc6 axb4 13. cxb4 Nxc6 14. Bd5 Bd7 15.
Bb2 Bb6 16. O-O Rc8 17. Qb1 Ne7 18. Bb3 Bf5 19. d3 Rc7 20. Nh4 Bd7 21. Qd1 Kf8
22. Kh1 Qe8 23. f4 Nc6 24. fxe5 dxe5 25. Nf5 Bxf5 26. Rxf5 Bd4 27. Bxd4 Nxd4
28. Rf1 Nxb3 29. Qxb3 Qf7 30. Qd1 Ke7 31. Qe2 Rhc8 32. d4 Qc4 33. Qxc4 Rxc4 34.
dxe5 fxe5 35. Kh2 Ke6 36. Rf3 Rc3 37. a4 bxa4 38. Rxa4 Rxf3 39. gxf3 g5 40. b5
Rb8 41. Rb4 Kd5 42. Kg3 Kc5 43. Rb1 Rxb5 44. Rxb5+ Kxb5 45. Kg4 h6 46. Kf5 Kc4
47. Kxe5 Kd3 48. f4 gxf4 49. Kxf4 Ke2 50. h4 Kf2 51. h5 Kg2 52. Kf5 Kg3 53. Kg6
Kg4 54. Kxh6 Kf5 55. Kg7 1-0

[Event "Int. Stuttgarter Stadtmeisterschaft B"]
[Site "Ditzingen"]
[Date "2012.05.19"]
[Round "5.55"]
[White "Burkhardt, Adrian"]
[Black "Kalwei, Reinhard"]
[Result "1-0"]
[WhiteElo "1709"]
[BlackElo "1491"]
[PlyCount "121"]
[EventDate "2012.??.??"]

1. e4 e5 2. Nf3 Nc6 3. Bc4 Nf6 4. d3 Bc5 5. Bg5 d6 6. c3 a6 7. d4 exd4 8. Nxd4
Nxd4 9. cxd4 Ba7 10. Nc3 c6 11. O-O O-O 12. d5 b5 13. Bb3 c5 14. Qf3 Re8 15.
Bxf6 Qxf6 16. Qxf6 gxf6 17. Bc2 Kh8 18. Rfe1 Rg8 19. Kf1 Bd7 20. Re3 Rg5 21. h3
Rag8 22. g4 h5 23. e5 Rxe5 24. Rxe5 fxe5 25. Ne4 hxg4 26. Nf6 Rd8 27. hxg4 Kg7
28. g5 b4 29. Kg2 Bb5 30. Rh1 Rh8 31. Rg1 Bb6 32. Ne4 Bc7 33. Ng3 Bd7 34. Bd1
Bd8 35. Ne4 Be7 36. Kf1 Bh3+ 37. Ke1 Bf5 38. Nd2 f6 39. gxf6+ Kxf6 40. Be2 a5
41. f3 Kf7 42. Bd1 Rg8 43. Rh1 Bg5 44. Nc4 Ke7 45. Nxa5 Rg7 46. Nc6+ Kf8 47.
Bb3 Bc1 48. Rh8+ Rg8 49. Rxg8+ Kxg8 50. Ne7+ Kf8 51. Nxf5 Bxb2 52. Nxd6 Kg7 53.
Kd2 Kf6 54. Kd3 Bc1 55. Ne4+ Kf5 56. Nxc5 Bb2 57. Ne4 Kf4 58. Ke2 Bd4 59. d6
Bb6 60. d7 Bd8 61. Nc5 1-0

[Event "Int. Stuttgarter Stadtmeisterschaft B"]
[Site "Ditzingen"]
[Date "2012.05.19"]
[Round "5.56"]
[White "Piskaykin, Bogdan"]
[Black "Steinhart, Matthias"]
[Result "1/2-1/2"]
[WhiteElo "1560"]
[BlackElo "1771"]
[PlyCount "52"]
[EventDate "2012.??.??"]

1. e4 e5 2. Nf3 Nc6 3. Bb5 a6 4. Ba4 Nf6 5. O-O b5 6. Bb3 Bb7 7. Re1 Bc5 8.
Nxe5 Bxf2+ 9. Kxf2 Nxe5 10. d4 Ng6 11. Nd2 d6 12. e5 dxe5 13. dxe5 Ne4+ 14.
Nxe4 Qxd1 15. Rxd1 Bxe4 16. Re1 Bb7 17. Bd2 O-O 18. Kg3 Rfe8 19. Bc3 Re7 20.
Rad1 Rae8 21. Rd2 h5 22. Rde2 h4+ 23. Kg4 Bc8+ 24. Kf3 Kh7 25. Bd5 Be6 26. Bc6
Bd7 1/2-1/2

[Event "Int. Stuttgarter Stadtmeisterschaft B"]
[Site "Ditzingen"]
[Date "2012.05.19"]
[Round "5.57"]
[White "Zimmermann, Tobias"]
[Black "Recker, Martin"]
[Result "0-1"]
[WhiteElo "1736"]
[BlackElo "1864"]
[PlyCount "31"]
[EventDate "2012.??.??"]

1. e4 d5 2. exd5 Nf6 3. Nc3 Nxd5 4. Bc4 Nb6 5. Bb3 Nc6 6. Nf3 Bf5 7. d4 e6 8.
O-O Be7 9. Bf4 O-O 10. Nb5 Rc8 11. c4 a6 12. Nc3 Na5 13. Qe2 Nxb3 14. axb3 Qd7
15. Rfd1 Rfe8 16. Ne5 0-1

[Event "Int. Stuttgarter Stadtmeisterschaft B"]
[Site "Ditzingen"]
[Date "2012.05.19"]
[Round "6.1"]
[White "Hamm, Julian"]
[Black "Winkler, Tim"]
[Result "1/2-1/2"]
[WhiteElo "1695"]
[BlackElo "1830"]
[PlyCount "41"]
[EventDate "2012.??.??"]

1. c4 d6 2. Nc3 g6 3. g3 Bg7 4. Bg2 Nf6 5. Nf3 c6 6. O-O Be6 7. d3 Qc8 8. Bd2
Bh3 9. b4 Na6 10. Rb1 Nc7 11. a4 d5 12. b5 Bxg2 13. Kxg2 dxc4 14. dxc4 Qe6 15.
Qb3 Ne4 16. Nxe4 Qxe4 17. Be3 cxb5 18. axb5 b6 19. Rbd1 Ne6 20. Qd3 Qxd3 21.
exd3 1/2-1/2

[Event "Int. Stuttgarter Stadtmeisterschaft B"]
[Site "Ditzingen"]
[Date "2012.05.19"]
[Round "6.2"]
[White "Issaad, Pascal"]
[Black "Schmidt, Max"]
[Result "0-1"]
[WhiteElo "1828"]
[BlackElo "1879"]
[PlyCount "42"]
[EventDate "2012.??.??"]

1. e4 d5 2. exd5 Qxd5 3. Nc3 Qd6 4. Nf3 g6 5. d4 Bg7 6. Nb5 Qd8 7. Bf4 Na6 8.
c4 c6 9. Nc3 Bg4 10. Be3 Bxf3 11. gxf3 e6 12. Ne4 Ne7 13. c5 Nf5 14. Bxa6 Qa5+
15. Qd2 Qxa6 16. Ng3 O-O-O 17. Nxf5 exf5 18. f4 Rhe8 19. O-O-O Qxa2 20. Qb4 Qd5
21. b3 Re4 0-1

[Event "Int. Stuttgarter Stadtmeisterschaft B"]
[Site "Ditzingen"]
[Date "2012.05.19"]
[Round "6.3"]
[White "Kim, Vladimir"]
[Black "Helfrich, Leo"]
[Result "1-0"]
[WhiteElo "1826"]
[BlackElo "1871"]
[PlyCount "53"]
[EventDate "2012.??.??"]

1. f4 d6 2. b3 g6 3. Bb2 Nf6 4. Nf3 Bg7 5. e3 O-O 6. Be2 Nbd7 7. O-O a6 8. h3
b5 9. Qc1 Rb8 10. d3 c5 11. e4 Qb6 12. Nbd2 Bh6 13. g3 Bb7 14. Kh2 a5 15. a4 b4
16. Qe1 Qc7 17. Nc4 d5 18. exd5 Nxd5 19. Nfe5 Rbd8 20. Nxd7 Rxd7 21. Bg4 f5 22.
Qe6+ Rf7 23. Ne5 Nf6 24. Qxf7+ Kh8 25. Nxd7 Qc6 26. Bxf6+ exf6 27. Qe8+ 1-0

[Event "Int. Stuttgarter Stadtmeisterschaft B"]
[Site "Ditzingen"]
[Date "2012.05.19"]
[Round "6.4"]
[White "Kohler, Manuel"]
[Black "Nusser, Jens"]
[Result "1/2-1/2"]
[WhiteElo "1860"]
[BlackElo "1823"]
[PlyCount "25"]
[EventDate "2012.??.??"]

1. Nf3 Nf6 2. d4 g6 3. c4 Bg7 4. Nc3 d5 5. e3 O-O 6. Be2 c5 7. O-O cxd4 8. exd4
Nc6 9. Ne5 Nxe5 10. dxe5 Ne4 11. Nxd5 Bxe5 12. Qc2 Nf6 13. Nxf6+ 1/2-1/2

[Event "Int. Stuttgarter Stadtmeisterschaft B"]
[Site "Ditzingen"]
[Date "2012.05.19"]
[Round "6.5"]
[White "Hartmann, Lorenz"]
[Black "Zimmermann, Tobias"]
[Result "1-0"]
[WhiteElo "1887"]
[BlackElo "1736"]
[PlyCount "83"]
[EventDate "2012.??.??"]

1. g3 d5 2. Bg2 Nf6 3. d3 c6 4. Nf3 g6 5. O-O Bg7 6. c3 O-O 7. Qc2 Nbd7 8. a4
Qc7 9. a5 e5 10. Nbd2 Re8 11. e4 dxe4 12. dxe4 Nc5 13. b4 Ne6 14. Nc4 Nf8 15.
Rd1 Bg4 16. h3 Bxf3 17. Bxf3 Ne6 18. Be3 Bf8 19. Rd3 c5 20. b5 b6 21. a6 Rac8
22. Rad1 Nd4 23. cxd4 cxd4 24. Bg5 Nd7 25. Rc1 h6 26. Bd2 Nc5 27. Ra3 Nxe4 28.
Bxe4 Bxa3 29. Nxa3 Qe7 30. Qb3 Kg7 31. Bc6 Red8 32. Bb4 Qg5 33. Re1 d3 34. Nc4
f6 35. Nd6 d2 36. Qf7+ Kh8 37. Bxd2 Qxd2 38. Qxf6+ Kh7 39. Rxe5 Qxd6 40. Re7+
Qxe7 41. Qxe7+ Kh8 42. Qxa7 1-0

[Event "Int. Stuttgarter Stadtmeisterschaft B"]
[Site "Ditzingen"]
[Date "2012.05.19"]
[Round "6.6"]
[White "Mavropoulos, Georgios"]
[Black "Hartmann, Anatoli"]
[Result "1/2-1/2"]
[WhiteElo "1872"]
[BlackElo "1701"]
[PlyCount "103"]
[EventDate "2012.??.??"]

1. e4 e6 2. d4 d5 3. Nd2 c5 4. exd5 Qxd5 5. dxc5 Qxc5 6. Ngf3 Nc6 7. Nb3 Qb6 8.
Be3 Qc7 9. c3 Nf6 10. Bb5 Bd7 11. O-O a6 12. Be2 Be7 13. Qc1 O-O 14. Re1 Ng4
15. Bc5 Bxc5 16. Nxc5 Rad8 17. h3 Nf6 18. Qg5 h6 19. Qh4 Ne5 20. Nxe5 Qxc5 21.
Bf3 Bc6 22. Bxc6 bxc6 23. Re2 Rd5 24. Rae1 Rfd8 25. Qa4 Qb5 26. Qc2 Qb7 27. c4
Rd4 28. Qa4 Rc8 29. Rd1 Re4 30. Rde1 Rxe2 31. Rxe2 Nd7 32. Nf3 Rd8 33. Rd2 Rb8
34. Qd1 Nf6 35. Rd8+ Kh7 36. Qd3+ g6 37. b3 Rxd8 38. Qxd8 Kg7 39. Qd4 Qd7 40.
Qa1 Qd6 41. a3 g5 42. b4 Kg6 43. Ne5+ Kg7 44. c5 Qd5 45. a4 Kg8 46. Nxc6 Qxc6
47. Qxf6 Qxa4 48. Qd8+ Kg7 49. Qb6 Qd1+ 50. Kh2 Qd4 51. Qb8 e5 52. c6 1/2-1/2

[Event "Int. Stuttgarter Stadtmeisterschaft B"]
[Site "Ditzingen"]
[Date "2012.05.19"]
[Round "6.7"]
[White "Mayer, Markus"]
[Black "Dölker, Kai"]
[Result "0-1"]
[WhiteElo "1599"]
[BlackElo "1865"]
[PlyCount "80"]
[EventDate "2012.??.??"]

1. d4 Nf6 2. c4 e6 3. Nc3 Bb4 4. Qc2 d5 5. Bg5 c6 6. Nf3 Nbd7 7. Nd2 Qc7 8. e3
O-O 9. a3 Bxc3 10. bxc3 e5 11. dxe5 Qxe5 12. Bf4 Qe7 13. Qf5 Nc5 14. Qg5 Nce4
15. Nxe4 dxe4 16. Be2 Rd8 17. O-O Rd2 18. Rfe1 Be6 19. f3 h6 20. Qh4 Bf5 21.
Qf2 Rad8 22. g4 exf3 23. gxf5 Rxe2 24. Rxe2 fxe2 25. Qxe2 Qe4 26. Rf1 Qxf5 27.
Qg2 Qg4 28. Bxh6 Rd3 29. e4 Qxg2+ 30. Kxg2 Nxe4 31. Re1 Nxc3 32. Re8+ Kh7 33.
Bf4 Rd4 34. Bb8 Rxc4 35. Bxa7 Nb5 36. Bb8 Nxa3 37. Re7 b5 38. Rxf7 Kg6 39. Rc7
Kf6 40. Ba7 Nc2 0-1

[Event "Int. Stuttgarter Stadtmeisterschaft B"]
[Site "Ditzingen"]
[Date "2012.05.19"]
[Round "6.8"]
[White "Schömbs, Oliver"]
[Black "Gomer, Thomas"]
[Result "1-0"]
[WhiteElo "1865"]
[BlackElo "1706"]
[PlyCount "89"]
[EventDate "2012.??.??"]

1. e4 e5 2. Nf3 Nc6 3. Bb5 a6 4. Ba4 Nf6 5. O-O Be7 6. Re1 b5 7. Bb3 O-O 8. h3
d6 9. c3 Na5 10. Bc2 c5 11. d4 Nd7 12. Nbd2 f6 13. Nf1 Nb6 14. Ng3 Nb7 15. d5
Qc7 16. Nh2 Nd7 17. a4 b4 18. c4 a5 19. Nf5 Nb6 20. b3 Nd8 21. Qd3 Nf7 22. Qg3
Bxf5 23. exf5 h6 24. Re4 Ng5 25. Rg4 Kf7 26. f4 exf4 27. Bxf4 Nd7 28. Qe3 Ne5
29. Rg3 Rg8 30. Re1 Kf8 31. Bd1 Qd7 32. h4 Ngf7 33. Qe4 Re8 34. Rge3 Bd8 35.
Bh5 Re7 36. Qb1 Qc8 37. Nf1 Qc7 38. Ng3 Qd7 39. Kf1 Nh8 40. Bg6 Nexg6 41. fxg6
Rxe3 42. Rxe3 f5 43. h5 Bg5 44. Bxg5 hxg5 45. Qxf5+ 1-0

[Event "Int. Stuttgarter Stadtmeisterschaft B"]
[Site "Ditzingen"]
[Date "2012.05.19"]
[Round "6.9"]
[White "Pfeilsticker, Thorsten"]
[Black "Baumeister, Jürgen"]
[Result "0-1"]
[WhiteElo "1591"]
[BlackElo "1850"]
[PlyCount "48"]
[EventDate "2012.??.??"]

1. b4 a5 2. b5 c5 3. c4 e5 4. Bb2 d6 5. Nc3 f5 6. e3 Nf6 7. d3 b6 8. Qf3 Ra7 9.
O-O-O Rf7 10. Qe2 Re7 11. f3 d5 12. f4 exf4 13. e4 d4 14. Na4 fxe4 15. Qf2 g5
16. h4 e3 17. Qe1 g4 18. Ne2 Nh5 19. Ng1 Bh6 20. Kc2 Bf5 21. Be2 Ng3 22. Rh2
Qc7 23. Rb1 Nd7 24. Bxd4 cxd4 0-1

[Event "Int. Stuttgarter Stadtmeisterschaft B"]
[Site "Ditzingen"]
[Date "2012.05.19"]
[Round "6.10"]
[White "Viehoff, Jürgen"]
[Black "Su, Jahn"]
[Result "1/2-1/2"]
[WhiteElo "1848"]
[BlackElo "1545"]
[PlyCount "30"]
[EventDate "2012.??.??"]

1. d4 d5 2. Nf3 Nf6 3. e3 e6 4. Bd3 Bd6 5. Nbd2 O-O 6. O-O Re8 7. Re1 Nbd7 8.
e4 dxe4 9. Nxe4 Nxe4 10. Rxe4 Nf6 11. Rh4 h6 12. Bxh6 gxh6 13. Rxh6 Kf8 14. Qd2
Ng8 15. Rh8 Qf6 1/2-1/2

[Event "Int. Stuttgarter Stadtmeisterschaft B"]
[Site "Ditzingen"]
[Date "2012.05.19"]
[Round "6.11"]
[White "Gampper, Steffen"]
[Black "Büchele, Markus"]
[Result "1/2-1/2"]
[WhiteElo "1539"]
[BlackElo "1760"]
[PlyCount "69"]
[EventDate "2012.??.??"]

1. d4 Nf6 2. Bf4 d5 3. Nf3 g6 4. e3 Bg7 5. Be2 Nbd7 6. Nc3 c6 7. Ne5 O-O 8. h4
Nxe5 9. Bxe5 Nd7 10. Bxg7 Kxg7 11. g4 e5 12. dxe5 f6 13. e6 Nc5 14. g5 Nxe6 15.
Qd2 fxg5 16. h5 Qf6 17. O-O-O Nc5 18. hxg6 hxg6 19. Rh2 Bf5 20. Rg1 Ne4 21.
Nxe4 Bxe4 22. f3 Bf5 23. Rhg2 Rae8 24. Rxg5 Qe5 25. e4 dxe4 26. fxe4 Qxe4 27.
Bd3 Qd5 28. Bxf5 Rxf5 29. Rxg6+ Kf7 30. Rg7+ Kf8 31. Rg8+ Qxg8 32. Qh6+ Kf7 33.
Rxg8 Rf1+ 34. Kd2 Rxg8 35. Qh5+ 1/2-1/2

[Event "Int. Stuttgarter Stadtmeisterschaft B"]
[Site "Ditzingen"]
[Date "2012.05.19"]
[Round "6.12"]
[White "Bausch, Raimund"]
[Black "Hamm, Lukas"]
[Result "0-1"]
[WhiteElo "1559"]
[BlackElo "1890"]
[PlyCount "84"]
[EventDate "2012.??.??"]

1. c4 e6 2. Nc3 Nf6 3. g3 d5 4. cxd5 exd5 5. d4 c6 6. Bg2 Bd6 7. Nf3 O-O 8. O-O
Re8 9. Re1 Bf5 10. Nh4 Bg6 11. Nxg6 hxg6 12. Bg5 Qa5 13. Bd2 Qb6 14. e3 Nbd7
15. Na4 Qd8 16. Nc3 Ne4 17. Nxe4 dxe4 18. Bc3 Nf6 19. Qc2 Qe7 20. h4 Nd5 21.
Bd2 Qe6 22. Kh2 Re7 23. f3 f5 24. f4 Rc8 25. Bf1 c5 26. Bc4 b5 27. Bxd5 Qxd5
28. b3 Rec7 29. Ba5 Rc6 30. dxc5 Rxc5 31. Qd1 Rc2+ 32. Kg1 Qc5 33. a3 Qc6 34.
Re2 Rxe2 35. Qxe2 Bxa3 36. Bd2 b4 37. Ra2 Rd8 38. Kf2 Rd3 39. Qd1 Qe6 40. Rxa3
bxa3 41. b4 Qa2 42. Ke1 Qxd2+ 0-1

[Event "Int. Stuttgarter Stadtmeisterschaft B"]
[Site "Ditzingen"]
[Date "2012.05.19"]
[Round "6.13"]
[White "Pudmensky, Stefan"]
[Black "Heil, Rudolf"]
[Result "1-0"]
[WhiteElo "1853"]
[BlackElo "1722"]
[PlyCount "67"]
[EventDate "2012.??.??"]

1. d4 Nf6 2. Nf3 g6 3. c4 Bg7 4. Nc3 d5 5. e3 O-O 6. Be2 a6 7. a4 Bg4 8. O-O c6
9. Ne5 Bxe2 10. Qxe2 Nbd7 11. f4 e6 12. c5 a5 13. Rb1 Ne4 14. Nxe4 dxe4 15. Nc4
b6 16. Qc2 f5 17. Nd6 Nf6 18. Bd2 Nd5 19. Rfc1 Nxf4 20. exf4 Bxd4+ 21. Kh1 Bxc5
22. Nb7 Qd5 23. Nxc5 bxc5 24. Be3 Rfd8 25. Qxc5 Qd3 26. Qc3 Rd5 27. Qxc6 Rad8
28. Qc3 Qe2 29. Re1 Rd1 30. Rbxd1 Rxd1 31. Qc8+ Kg7 32. Rxd1 Qxd1+ 33. Bg1 e3
34. Qc3+ 1-0

[Event "Int. Stuttgarter Stadtmeisterschaft B"]
[Site "Ditzingen"]
[Date "2012.05.19"]
[Round "6.14"]
[White "Rühl, Volker"]
[Black "Ziegler, Michael"]
[Result "1/2-1/2"]
[WhiteElo "1842"]
[BlackElo "1702"]
[PlyCount "92"]
[EventDate "2012.??.??"]

1. e4 c5 2. d4 cxd4 3. c3 dxc3 4. Nxc3 d6 5. Bc4 Nc6 6. Nf3 e6 7. O-O Be7 8.
Qe2 Nf6 9. Rd1 Bd7 10. Bf4 e5 11. Be3 O-O 12. Rac1 Ng4 13. Bd2 Na5 14. Bd3 Be6
15. Be1 h6 16. b4 Nc6 17. a3 Rc8 18. Bb5 Bb3 19. Rd2 Nd4 20. Nxd4 exd4 21. Na2
Bxa2 22. Rxc8 Qxc8 23. Rxa2 a6 24. Rc2 Qe6 25. Bc4 Qd7 26. Bb3 Ne5 27. Qd1 Bf6
28. h3 b5 29. f4 Nc6 30. Qc1 Rc8 31. Kf1 d3 32. Rd2 Nd4 33. Qd1 Nxb3 34. Qxb3
Rc3 35. Qd5 Rxa3 36. Rxd3 Rxd3 37. Qxd3 Qc6 38. Bd2 Qc4 39. Ke2 Qxd3+ 40. Kxd3
Kf8 41. Bc3 Bxc3 42. Kxc3 Ke7 43. g4 Ke6 44. Kd4 g5 45. f5+ Kd7 46. e5 dxe5+
1/2-1/2

[Event "Int. Stuttgarter Stadtmeisterschaft B"]
[Site "Ditzingen"]
[Date "2012.05.19"]
[Round "6.15"]
[White "Reichardt, Bernd"]
[Black "Gheng, Hannelore"]
[Result "1-0"]
[WhiteElo "1816"]
[BlackElo "1691"]
[PlyCount "47"]
[EventDate "2012.??.??"]

1. Nf3 c5 2. c4 g6 3. Nc3 Bg7 4. g3 d6 5. Bg2 f5 6. Qc2 Nf6 7. O-O O-O 8. d4
cxd4 9. Nxd4 e5 10. Nb3 Nc6 11. Bg5 h6 12. Bxf6 Qxf6 13. Nd5 Qf7 14. e3 Be6 15.
Qd2 e4 16. Rfd1 Ne5 17. Qe2 Rac8 18. Rac1 Nxc4 19. Nc3 Rfd8 20. Nd4 Ne5 21.
Nxe6 Qxe6 22. Qb5 Nd3 23. Rxd3 exd3 24. Bd5 1-0

[Event "Int. Stuttgarter Stadtmeisterschaft B"]
[Site "Ditzingen"]
[Date "2012.05.19"]
[Round "6.16"]
[White "Bälz, Jürgen"]
[Black "Gheng, Christian"]
[Result "1-0"]
[WhiteElo "1795"]
[BlackElo "1686"]
[PlyCount "85"]
[EventDate "2012.??.??"]

1. d4 Nf6 2. c4 e6 3. g3 Bb4+ 4. Bd2 Qe7 5. Bg2 Nc6 6. Nf3 d5 7. O-O Ne4 8. a3
Bxd2 9. Nbxd2 b6 10. Rc1 Bb7 11. e3 h5 12. cxd5 exd5 13. Qa4 Qd7 14. Nxe4 dxe4
15. Nd2 f5 16. f3 exf3 17. Bxf3 Na5 18. Qc2 Qe6 19. Bxb7 Nxb7 20. Nf3 Qxe3+ 21.
Kg2 O-O 22. Rce1 Qh6 23. Qxc7 Nd6 24. Qc6 Rac8 25. Qd5+ Kh8 26. Re6 Rf6 27.
Rxf6 Qxf6 28. Re1 Rc2+ 29. Kg1 Ne4 30. Qb3 Qc6 31. Ne5 Qc7 32. Qe6 Ng5 33. Qe8+
Kh7 34. Qxh5+ Kg8 35. Qe8+ Kh7 36. Qh5+ Kg8 37. Qxg5 Qb7 38. Qd8+ Kh7 39. Qh4+
Kg8 40. Qd8+ Kh7 41. d5 Rd2 42. Qh4+ Kg8 43. Ng6 1-0

[Event "Int. Stuttgarter Stadtmeisterschaft B"]
[Site "Ditzingen"]
[Date "2012.05.19"]
[Round "6.18"]
[White "Wohlfahrt, Michael"]
[Black "Häfele, Torsten"]
[Result "1-0"]
[WhiteElo "1767"]
[BlackElo "1615"]
[PlyCount "37"]
[EventDate "2012.??.??"]

1. e4 e6 2. d4 d5 3. Nc3 h6 4. Nf3 Nf6 5. e5 Ne4 6. Be2 Bb4 7. Bd2 Nxd2 8. Qxd2
c5 9. a3 cxd4 10. Nxd4 Ba5 11. O-O a6 12. Kh1 Bd7 13. f4 Nc6 14. Nb3 Bb6 15.
Rae1 Qc7 16. Na4 Na5 17. Nxb6 Nxb3 18. Nxa8 Nxd2 19. Nxc7+ 1-0

[Event "Int. Stuttgarter Stadtmeisterschaft B"]
[Site "Ditzingen"]
[Date "2012.05.19"]
[Round "6.19"]
[White "Bried, Martin"]
[Black "Steinmassl, Guido"]
[Result "1-0"]
[WhiteElo "1756"]
[BlackElo "1567"]
[PlyCount "99"]
[EventDate "2012.??.??"]

1. c4 e6 2. Nc3 f5 3. d4 Nf6 4. Nf3 d6 5. Qc2 b6 6. e4 fxe4 7. Nxe4 Bb7 8. Bd3
Nbd7 9. Bg5 Be7 10. Nxf6+ Bxf6 11. Be3 Nf8 12. Rb1 c5 13. dxc5 dxc5 14. Rd1 Qc7
15. Be2 Nd7 16. O-O O-O 17. Bd3 h6 18. Be2 Rad8 19. Qg6 Ne5 20. Nxe5 Bxe5 21.
Qxe6+ Kh8 22. Qg6 Bxh2+ 23. Kh1 Rxd1 24. Rxd1 Bf4 25. Bd3 Bxg2+ 26. Kxg2 Kg8
27. Bxf4 Qxf4 28. Qg3 Qf6 29. Rd2 Rd8 30. b3 h5 31. Re2 Rf8 32. Be4 h4 33. Bd5+
Kh8 34. Qg4 a6 35. Qh5+ Qh6 36. Qxh6+ gxh6 37. Re6 Kg7 38. Rxb6 h3+ 39. Kxh3
Rxf2 40. Rxa6 Rd2 41. a4 Rd3+ 42. Kh4 Rxb3 43. a5 Ra3 44. Kg4 Ra2 45. Ra8 Kf6
46. a6 Ke5 47. a7 Kd4 48. Kh5 Ra6 49. Bb7 Rd6 50. Rh8 1-0

[Event "Int. Stuttgarter Stadtmeisterschaft B"]
[Site "Ditzingen"]
[Date "2012.05.19"]
[Round "6.20"]
[White "Tönjes, Jürgen"]
[Black "Cummings, Orlyn"]
[Result "1/2-1/2"]
[WhiteElo "1753"]
[BlackElo "1598"]
[PlyCount "53"]
[EventDate "2012.??.??"]

1. d4 d5 2. Bf4 Nf6 3. e3 e6 4. Nf3 c5 5. c3 Qb6 6. Qc2 Nc6 7. dxc5 Bxc5 8.
Nbd2 O-O 9. Nb3 Re8 10. Nxc5 Qxc5 11. Nd4 Ne4 12. Nxc6 bxc6 13. f3 e5 14. Bxe5
Rxe5 15. fxe4 Qxe3+ 16. Qe2 Qxe2+ 17. Bxe2 Rxe4 18. Kd2 Rb8 19. b3 Bg4 20. Bd3
Rf4 21. Rhf1 Rxf1 22. Rxf1 Re8 23. Rf4 Bh5 24. Rb4 Kf8 25. Rb7 Re7 26. Rb8+ Re8
27. Rb7 1/2-1/2

[Event "Int. Stuttgarter Stadtmeisterschaft B"]
[Site "Ditzingen"]
[Date "2012.05.19"]
[Round "6.21"]
[White "Gorb, Eugeniusz"]
[Black "Florio, Antonio"]
[Result "1/2-1/2"]
[WhiteElo "1543"]
[BlackElo "1737"]
[PlyCount "87"]
[EventDate "2012.??.??"]

1. e4 c5 2. Nf3 Nc6 3. Bc4 g6 4. d4 cxd4 5. Nxd4 Bg7 6. Nxc6 bxc6 7. c3 Nf6 8.
e5 Ng8 9. Qf3 e6 10. Bf4 Qb6 11. Bb3 Ba6 12. Nd2 Qc7 13. Qe3 Qb6 14. Qg3 f5 15.
O-O-O Rb8 16. h4 Nh6 17. h5 Ng4 18. Ne4 fxe4 19. Qxg4 Bc4 20. Be3 Qb5 21. hxg6
Bxb3 22. axb3 Qxb3 23. Rd2 Qa2 24. Qxe4 Bxe5 25. f4 Qa1+ 26. Qb1 Qxb1+ 27. Kxb1
Bxc3 28. Rc2 hxg6 29. Rxh8+ Bxh8 30. Bxa7 Rb4 31. g3 Bd4 32. Bxd4 Rxd4 33. Rc3
Ke7 34. Kc2 Kd6 35. Rb3 Kd5 36. Rb8 Ke4 37. Rg8 Kf5 38. Kc3 c5 39. Rc8 d6 40.
Rf8+ Ke4 41. Rf6 Rd3+ 42. Kc4 Rxg3 43. Rxe6+ Kxf4 44. Rxd6 1/2-1/2